Dream SMP Lore Trivia - Statistics

General Stats
  • This quiz has been taken 152 times
  • The average score is 10 of 16
Answer Stats
Question Answer % Correct
Who was the first president of L'manburg? Wilbur
95%
Who betrayed L'Manburg? Eret
91%
What is the name of the green disc? Cat
86%
Who built a home in the arctic to retire peacefully? Techno
86%
Who appeared on November 16th in an attempt to stop Wilbur? Phil
80%
What is the name of Tubbo and Ranboo's son? Michael
79%
What is the name of the purple and white disc? Mellohi
77%
Name one of the members of the Butcher's Army Tubbo, Quackity, Fundy, and Ranboo
75%
What block did Tommy and Techno both get from Drista? Bedrock
72%
Which nation's flag contains a teal stripe, a white stripe, a blue stripe, and a yellow diamond? Snowchester
48%
What is Ranboo's subconcious state called? Enderwalk
39%
Ranboo, Dream, and who were trapped in the prison during the jailbreak? Connor
36%
What is Ranboo's ghost name? Boo
32%
Who did Tubbo push off a bridge, resulting in their first canon death? Aimsey
31%
What is the group of enderman Ranboo communicates with called? The Council
15%
What last name did Tubbo and Ranboo take when they got married? (Spelled out) Underscore Beloved
15%
No matching quizzes found
Score Distribution
Percent of People with Each Score
Percentile by Number Answered
Your Score History
You have not taken this quiz